Towards recovery in Pacific Asia (Record no. 65334)
[ view plain ]
| 000 -LEADER | |
|---|---|
| fixed length control field | 01468nam a2200385Ia 4500 |
| 082 04 - DEWEY DECIMAL CLASSIFICATION NUMBER | |
| Classification number | 332/.095 |
| 245 00 - TITLE STATEMENT | |
| Title | Towards recovery in Pacific Asia |
| 260 ## - PUBLICATION, DISTRIBUTION, ETC. (IMPRINT) | |
| Place of publication | London ; |
| -- | New York : |
| Name of publisher | Routledge, |
| Year of publication | 2000. |
| 300 ## - PHYSICAL DESCRIPTION | |
| Number of Pages | x, 148 p. |
| 490 1# - SERIES STATEMENT | |
| Series statement | ESRC Pacific Asia programme |
| 650 #0 - SUBJECT ADDED ENTRY--TOPICAL TERM | |
| Topical Term | Financial crises |
| 700 1# - ADDED ENTRY--PERSONAL NAME | |
| Personal name | Segal, Gerald, |
| Personal name | Goodman, David S. G. |
| 856 40 - ELECTRONIC LOCATION AND ACCESS | |
| Uniform Resource Identifier | http://site.ebrary.com/lib/rucke/Doc?id=10054549 |
No items available.
